|
|
|
|
| LEADER |
00000nam a22000007a 4500 |
| 005 |
20130219183740.0 |
| 007 |
cr|||| |||| |
| 008 |
130219e2012 sp |||||s|||| 00||0 spa d |
| 020 |
|
|
|a 978-84-15454-36-6
|
| 035 |
|
|
|a 6980
|
| 040 |
|
|
|a vLex
|
| 090 |
|
|
|c 3692
|d 3692
|
| 100 |
1 |
0 |
|a Cano Linares, Mars̕ de los ℓngeles
|
| 245 |
1 |
0 |
|a Migraciones Internacionales en el espacio Iberoamericano del siglo XXI
|h [Recurso electrn̤ico]
|
| 256 |
|
|
|a Servicio en ln̕ea
|
| 260 |
|
|
|a Madrid :
|b Dykinson,
|c 2012
|
| 300 |
|
|
|a 1 Recurso electrn̤ico
|
| 650 |
0 |
4 |
|a Extranjera̕
|z Amřica del Sur
|
| 650 |
0 |
4 |
|a Libre circulacin̤ de trabajadores y polt̕ica social
|z Amřica
|
| 650 |
0 |
4 |
|a Derecho laboral y de la Seguridad Social
|z Amřica del Sur
|
| 740 |
|
|
|a vLex Libros (Servicio en ln̕ea)
|
| 856 |
|
|
|a Acceso restringido
|u http://www.vlex.com/source/6980
|
| 942 |
|
|
|c BOOK
|
| 999 |
|
0 |
|a Southern America
|